ORTHOPAEDICS : PRINCIPLES & THEIR APPLICATION VOL-2 / (Record no. 796324)

MARC details
000 -LEADER
fixed length control field 00524pam a2200193 a 4500
020 ## - INTERNATIONAL STANDARD BOOK NUMBER
International Standard Book Number 0781729718
Terms of availability 1371.70
041 ## - LANGUAGE CODE
Language code of text/sound track or separate title eng
Language code of original NULL
082 ## - DEWEY DECIMAL CLASSIFICATION NUMBER
Classification number 617.3
Item number TUR
100 ## - MAIN ENTRY--PERSONAL NAME
Personal name TUREK, S .
245 ## - TITLE STATEMENT
Title ORTHOPAEDICS : PRINCIPLES & THEIR APPLICATION VOL-2 /
Statement of responsibility, etc. NULL.
Medium Textual Documents
250 ## - EDITION STATEMENT
Edition statement 4 /
Remainder of edition statement .
260 ## - PUBLICATION, DISTRIBUTION, ETC.
Place of publication, distribution, etc. NULL :
Name of publisher, distributor, etc. LIPPINCOTT WILLIAMS & WILKINS ,
Date of publication, distribution, etc. 2004.
300 ## - PHYSICAL DESCRIPTION
Extent 829-1756 :
Other physical details XXVI ;
Dimensions NULL .
365 ## - TRADE PRICE
Price type code 1371.70
650 ## - SUBJECT ADDED ENTRY--TOPICAL TERM
Topical term or geographic name entry element ORTHO
907 ## - LOCAL DATA ELEMENT G, LDG (RLIN)
a 4502
930 ## - EQUIVALENCE OR CROSS-REFERENCE-UNIFORM TITLE HEADING [LOCAL, CANADA]
Uniform title 1788
Holdings
Withdrawn status Lost status Damaged status Not for loan Home library Current library Date acquired Cost, normal purchase price Total Checkouts Full call number Barcode Date last seen Copy number Price effective from Koha item type
        Medical College & Hospital, Sangli Medical College & Hospital, Sangli 28/11/2011 1371.70   617.3 TUR MCS-4502 26/07/2023 2 26/07/2023 Book
        Medical College & Hospital, Sangli Medical College & Hospital, Sangli 28/11/2011 1371.70   617.3 TUR MCS-4500 26/07/2023 1 26/07/2023 Book